000 00373nam a2200157Ia 4500
008 191201s2008 xx 000 0 und d
020 _a8176563587
082 _a005.133
_bKAU
100 _aKANETKAR, Yashwant
245 0 _aUnderstanding Pointers in C
250 _aRep.
260 _aN.Delhi
_bBPB Publication
_c2008
300 _a501
650 _aMCA
942 _2ddc
_cBK
999 _c3642
_d3642